Normal view
MARC view
- Sunderlal T. Desai
Entry Personal Name
001 - CONTROL NUMBER
- control field: 4521
003 - CONTROL NUMBER IDENTIFIER
- control field: OSt
005 - DATE AND TIME OF LATEST TRANSACTION
- control field: 20220210133253.0
008 - FIXED-LENGTH DATA ELEMENTS
- fixed length control field: 220210|| aca||aabn | a|a d
040 ## - CATALOGING SOURCE
- Original cataloging agency: OSt
- Transcribing agency: OSt
100 ## - HEADING--PERSONAL NAME
- Personal name: Sunderlal T. Desai
670 ## - SOURCE DATA FOUND
- Source citation: Work cat.: (OSt)3386: Desai, Sunderlal T. 2472, Principles of Hindu Law : , c1990
